Learn lacecraft

Bibliographic Details
Main Author: Dean,Audrey Vincente
Format: Book
Published: London : Diamond books , 1993

MARC

LEADER 00000cam a2200000 7i4500
001 0000068703
005 20161211.0
008 161211
020 |a 0261660365 
090 0 0 |a 746.22   |b DEA 
100 1 |a Dean,Audrey Vincente 
245 1 0 |a Learn lacecraft   |c Audrey Vincente Dean 
260 |a London :   |b Diamond books ,   |c 1993 
999 |a 0000743929   |b Book   |c Adult Collection   |e Cawangan Muar 
999 |a 0000743932   |b Book   |c Adult Collection   |e Cawangan Pontian